000
00297nam a22001097a 4500
008
160623b xxu||||| |||| 00| 0 eng d
100
_9
627
_a
Wetson , T, F, et, al
245
_a
Making Sure Of Maths
260
_a
Edinburgh Folmes Mc Dougall
_c
1970
300
_a
Making Sure Of Maths
942
_2
ddc
_c
BK
999
_c
512
_d
512